Algebra. (Record no. 161606)
[ view plain ]
| 000 -LEADER | |
|---|---|
| fixed length control field | 00466nam a2200205Ia 4500 |
| 003 - CONTROL NUMBER IDENTIFIER | |
| control field | OSt |
| 005 - DATE AND TIME OF LATEST TRANSACTION | |
| control field | 20230511101402.0 |
| 008 - FIXED-LENGTH DATA ELEMENTS--GENERAL INFORMATION | |
| fixed length control field | 210423s2013 xx 000 0 und d |
| 020 ## - INTERNATIONAL STANDARD BOOK NUMBER | |
| International Standard Book Number | 9788120343290 |
| 040 ## - CATALOGING SOURCE | |
| Transcribing agency | AL |
| 041 ## - LANGUAGE CODE | |
| Language code of text/sound track or separate title | eng |
| 082 ## - DEWEY DECIMAL CLASSIFICATION NUMBER | |
| Classification number | 512 ARTM |
| Edition number | 23 |
| 100 ## - MAIN ENTRY--PERSONAL NAME | |
| Personal name | ARTIN (Michael). |
| 9 (RLIN) | 41714 |
| 245 ## - TITLE STATEMENT | |
| Title | Algebra. |
| 250 ## - EDITION STATEMENT | |
| Edition statement | 2 |
| 260 ## - PUBLICATION, DISTRIBUTION, ETC. | |
| Place of publication, distribution, etc. | New Delhi |
| Name of publisher, distributor, etc. | PHI Learning Pvt Ltd |
| Date of publication, distribution, etc. | 2013 |
| 300 ## - PHYSICAL DESCRIPTION | |
| Extent | xv,543 |
| Other physical details | PB |
| 365 ## - TRADE PRICE | |
| Price amount | 375 |
| Currency code | INR |
| 942 ## - ADDED ENTRY ELEMENTS (KOHA) | |
| Source of classification or shelving scheme | Dewey Decimal Classification |
| Koha item type | Book |
| Withdrawn status | Lost status | Damaged status | Not for loan | Collection code | Home library | Current library | Date acquired | Source of acquisition | Cost, normal purchase price | Total Checkouts | Full call number | Barcode | Date last seen | Price effective from | Koha item type | Date last checked out | Total Renewals |
|---|---|---|---|---|---|---|---|---|---|---|---|---|---|---|---|---|---|
| Mathematics | St Aloysius PG Library | St Aloysius PG Library | 10/05/2013 | Biblios Book Point | 375.00 | 512 ARTM | PG008098 | 08/24/2022 | 04/26/2021 | Book | |||||||
| Mathematics | St Aloysius PG Library | St Aloysius PG Library | 10/05/2013 | Biblios Book Point | 375.00 | 512 ARTM | PG008099 | 08/24/2022 | 04/26/2021 | Book | |||||||
| Mathematics | St Aloysius PG Library | St Aloysius PG Library | 10/05/2013 | Biblios Book Point | 375.00 | 1 | 512 ARTM | PG008100 | 03/22/2024 | 04/26/2021 | Book | 03/12/2024 | |||||
| Mathematics | St Aloysius PG Library | St Aloysius PG Library | 10/05/2013 | Biblios Book Point | 375.00 | 4 | 512 ARTM | PG008101 | 03/28/2026 | 04/26/2021 | Book | 03/18/2026 | 1 | ||||
| Mathematics | St Aloysius PG Library | St Aloysius PG Library | 10/05/2013 | Biblios Book Point | 375.00 | 2 | 512 ARTM | PG008102 | 11/25/2023 | 04/26/2021 | Book | 11/04/2023 | 1 |